000 00626nam a22002297a 4500
003 UA-OsUOA
001 97341
007 ta
008 20130328b un ||||| |||| 00| 0 ukr d
100 _aОмурбаев С.
090 _a821.512.154
_bО-57
942 _cBK
040 _aUA-OsUOA
_brus
_cUA-OsUOA
_dUA-OsUOA
245 _aОбновленная земля
_bроман
300 _a320 с.
955 _a3
041 _arus
080 _a821.512.154
260 _aМ.
_bСоветский писатель
_c1987
650 7 _a82 Література. Літературознавство
_2UDC
999 _c383589
_d383589